[Event "XV C.to Italiano U20"]
[Site "Fiuggi ITA"]
[Date "2007.07.19"]
[Round "2"]
[White "Frilli, Guido"]
[Black "Gorgoglione, Enrico"]
[Result "1-0"]
[WhiteElo "2168"]
[BlackElo "1748"]
[PlyCount "41"]
[EventDate "2007.07.18"]

1. e4 e5 2. d4 exd4 3. Qxd4 Nc6 4. Qe3 Nf6 5. Nc3 Bb4 6. Bd2 O-O 7. O-O-O Re8
8. Bc4 d6 9. f3 Bc5 10. Qg5 Nd7 11. Qg3 Nde5 12. Bg5 Qd7 13. Nd5 Ng6 14. h4
Nce7 15. h5 Nxd5 16. hxg6 Be3+ 17. Bxe3 Nxe3 18. gxf7+ Kh8 19. Qh4 h6 20. Qg5
Nxc4 21. Rxh6+ 1-0

[Event "XV C.to Italiano U20"]
[Site "Fiuggi ITA"]
[Date "2007.07.19"]
[Round "2"]
[White "Locci, Damiano"]
[Black "Cantu', Guido"]
[Result "1-0"]
[WhiteElo "2025"]
[BlackElo "1854"]
[PlyCount "71"]
[EventDate "2007.07.18"]

1. Nf3 Nf6 2. d4 e6 3. e3 b6 4. Bd3 Bb7 5. Nbd2 d5 6. b3 Nbd7 7. Bb2 Be7 8. c4
Ne4 9. Qc2 Ndf6 10. cxd5 Qxd5 11. Qxc7 Nd6 12. Qc2 Rc8 13. Qd1 O-O 14. O-O Nfe4
15. Re1 Nxd2 16. Qxd2 Ne4 17. Bxe4 Qxe4 18. Rec1 Bd6 19. Ne1 Qh4 20. g3 Qg4 21.
a3 f5 22. f4 Rxc1 23. Rxc1 Rc8 24. Rxc8+ Bxc8 25. d5 Qg6 26. dxe6 Qxe6 27. Qc3
Qd7 28. Nf3 Bb7 29. Ng5 Bc5 30. Kf2 Bf8 31. Nf3 Qd1 32. Nd4 Qh1 33. Nxf5 Qxh2+
34. Ke1 Bf3 35. Qc4+ Kh8 36. Bxg7+ 1-0

[Event "XV C.to Italiano U20"]
[Site "Fiuggi ITA"]
[Date "2007.07.19"]
[Round "2"]
[White "Maggi, Fabrizio"]
[Black "Messina, Salvatore"]
[Result "1-0"]
[WhiteElo "1895"]
[BlackElo "1374"]
[PlyCount "57"]
[EventDate "2007.07.18"]

1. c4 Nf6 2. Nc3 e5 3. Nf3 Nc6 4. e3 Bb4 5. Qc2 d6 6. Nd5 Bc5 7. a3 a5 8. b3
Bg4 9. Bb2 h6 10. Be2 O-O 11. h3 Bh5 12. Nxe5 dxe5 13. Nxf6+ Qxf6 14. Bxh5 Qg5
15. Bf3 Rfe8 16. g4 Rad8 17. h4 Qf6 18. Bxc6 Qxc6 19. O-O-O Qd6 20. a4 Rd7 21.
Rhg1 Red8 22. g5 hxg5 23. hxg5 Bb4 24. d4 exd4 25. exd4 Qf4+ 26. Kb1 Be7 27.
Rh1 g6 28. d5 Bxg5 29. Rh8# 1-0

[Event "XV C.to Italiano U20"]
[Site "Fiuggi ITA"]
[Date "2007.07.19"]
[Round "2"]
[White "Pesce, Gabriele"]
[Black "Romano, Zeno"]
[Result "1-0"]
[WhiteElo "2000"]
[BlackElo "1866"]
[PlyCount "89"]
[EventDate "2007.07.18"]

1. e4 e5 2. Nf3 Nc6 3. d4 exd4 4. Nxd4 Bc5 5. Nxc6 Qf6 6. Qf3 Qxf3 7. gxf3 bxc6
8. Be3 Bxe3 9. fxe3 Ne7 10. Nd2 O-O 11. Bc4 d6 12. O-O-O Kh8 13. Nb3 f5 14. e5
d5 15. Bd3 f4 16. Rhe1 Bh3 17. Re2 Rae8 18. Nc5 Bc8 19. e4 Ng6 20. exd5 Nxe5
21. Rdd2 Nxd3+ 22. Nxd3 Rxe2 23. Rxe2 cxd5 24. Re7 c6 25. Kd2 Kg8 26. Rxa7 Bh3
27. Rc7 g5 28. a4 Re8 29. a5 Bg2 30. a6 Bxf3 31. Nc5 Bg4 32. a7 Ra8 33. Rb7 Bc8
34. Rc7 g4 35. Nd7 g3 36. hxg3 fxg3 37. Nf6+ Kf8 38. Ke2 h5 39. Kf3 h4 40. Kg2
c5 41. Nd7+ Ke8 42. Nb6 Bf5 43. Nxa8 Be4+ 44. Kh3 g2 45. Kh2 1-0

[Event "XV C.to Italiano U20"]
[Site "Fiuggi ITA"]
[Date "2007.07.19"]
[Round "2"]
[White "Rombaldoni, Axel"]
[Black "Stella, Andrea"]
[Result "1/2-1/2"]
[WhiteElo "2269"]
[BlackElo "2132"]
[PlyCount "53"]
[EventDate "2007.07.18"]

1. e4 e6 2. d4 d5 3. Nc3 Bb4 4. e5 c5 5. a3 Bxc3+ 6. bxc3 Qa5 7. Bd2 Qa4 8. Qb1
c4 9. f4 Nc6 10. Nf3 Nge7 11. Be2 Bd7 12. O-O O-O-O 13. g4 f6 14. exf6 gxf6 15.
Kh1 Be8 16. Nh4 h5 17. g5 fxg5 18. fxg5 Ng6 19. Ng2 e5 20. Qd1 h4 21. Bg4+ Bd7
22. Rf6 Rhg8 23. Ne3 Bxg4 24. Qxg4+ Kb8 25. Rb1 Ka8 26. Bc1 Qa5 27. Rf7 1/2-1/2

[Event "XV C.to Italiano U20"]
[Site "Fiuggi ITA"]
[Date "2007.07.19"]
[Round "2"]
[White "Santagati, Alessandro"]
[Black "Cinque, Antonio"]
[Result "1-0"]
[WhiteElo "2141"]
[BlackElo "1653"]
[PlyCount "57"]
[EventDate "2007.07.18"]

1. d4 d5 2. Nf3 Nf6 3. Bf4 e6 4. Nbd2 c5 5. e3 Nc6 6. c3 Bd7 7. Bd3 Qb6 8. Qc2
cxd4 9. exd4 Rc8 10. a3 Be7 11. O-O O-O 12. Be5 g6 13. h4 Na5 14. Rfe1 Bb5 15.
Rab1 Bxd3 16. Qxd3 Nc4 17. Nxc4 Rxc4 18. Nd2 Rcc8 19. Qf3 Nd7 20. h5 Nxe5 21.
Rxe5 Qd8 22. Qg4 Bf6 23. Re3 Bg7 24. Nf3 b5 25. hxg6 hxg6 26. Ng5 Qd6 27. Qh4
Rfd8 28. Qh7+ Kf8 29. Rf3 1-0

[Event "XV C.to Italiano U20"]
[Site "Fiuggi ITA"]
[Date "2007.07.20"]
[Round "3"]
[White "Basile, Luca"]
[Black "Piscitelli, Vito"]
[Result "1-0"]
[WhiteElo "1781"]
[BlackElo "1918"]
[PlyCount "95"]
[EventDate "2007.07.18"]

1. d4 Nf6 2. c4 e6 3. Nc3 c5 4. d5 exd5 5. cxd5 d6 6. Nf3 g6 7. e3 a6 8. a4 Bg7
9. Bd3 O-O 10. O-O Bg4 11. h3 Bxf3 12. Qxf3 Nbd7 13. Rd1 Re8 14. Bd2 Qe7 15. a5
Ne5 16. Qe2 Nxd3 17. Qxd3 Nd7 18. Rab1 f5 19. Na4 Rac8 20. b4 c4 21. Qa3 Qh4
22. Bc3 Be5 23. Bxe5 Nxe5 24. Rd4 Qe7 25. Rc1 Qf7 26. Nb6 Rc7 27. f4 Nd7 28.
Nxd7 Qxd7 29. Rdxc4 Rxc4 30. Rxc4 Qb5 31. Qc3 Qd7 32. Kf2 Qf7 33. Rc7 Re7 34.
Rc8+ Re8 35. Rxe8+ Qxe8 36. Qc7 Qe4 37. Qc8+ Kg7 38. Qxb7+ Kh6 39. Qc6 Qxb4 40.
Qb6 Qd2+ 41. Kg1 Qc3 42. Kh2 Qd3 43. Qxd6 Qxe3 44. Qe5 Qc5 45. d6 Qc8 46. Qe7
Qc4 47. Qg5+ Kg7 48. d7 1-0

[Event "XV C.to Italiano U20"]
[Site "Fiuggi ITA"]
[Date "2007.07.20"]
[Round "3"]
[White "Brunello, Sabino"]
[Black "Rombaldoni, Denis"]
[Result "1/2-1/2"]
[WhiteElo "2475"]
[BlackElo "2383"]
[PlyCount "69"]
[EventDate "2007.07.18"]

1. e4 c6 2. d4 d5 3. e5 Bf5 4. c4 e6 5. Nc3 Nd7 6. Nge2 dxc4 7. Ng3 Bg6 8. Bxc4
Nb6 9. Bb3 Ne7 10. O-O Ned5 11. Nce4 Be7 12. h4 Bxh4 13. Nd6+ Kf8 14. Nxb7 Qc7
15. Nc5 Be7 16. Nge4 Nd7 17. Nxd7+ Qxd7 18. Qf3 a5 19. Be3 Bxe4 20. Qxe4 a4 21.
Bd1 h5 22. Rc1 g6 23. Rc4 a3 24. b3 Kg7 25. Bf3 Rac8 26. Bd2 c5 27. Rd1 Qb5 28.
Rdc1 h4 29. dxc5 Rxc5 30. Qd4 Rhc8 31. Bxd5 Rxd5 32. Qe3 Rh8 33. Bc3 Qd7 34.
Rd4 h3 35. gxh3 1/2-1/2

[Event "XV C.to Italiano U20"]
[Site "Fiuggi ITA"]
[Date "2007.07.20"]
[Round "3"]
[White "Campese, Andrea"]
[Black "Bosi, Clint"]
[Result "1/2-1/2"]
[WhiteElo "1817"]
[BlackElo "2080"]
[PlyCount "86"]
[EventDate "2007.07.18"]

1. b3 e5 2. Bb2 Nc6 3. e3 d5 4. Bb5 Bd6 5. Nf3 Qe7 6. h3 Bd7 7. Bxc6 Bxc6 8. d4
e4 9. Nfd2 Bd7 10. Qe2 Nf6 11. c4 c6 12. Nc3 O-O 13. cxd5 cxd5 14. Nb5 Bxb5 15.
Qxb5 Rac8 16. Kd1 Ba3 17. Bxa3 Qxa3 18. Qa4 Qb2 19. Ke2 Rc2 20. Qb4 Rfc8 21.
Rhb1 Qc3 22. Qxc3 R8xc3 23. Kd1 Kf8 24. Rc1 Rxc1+ 25. Rxc1 Rxc1+ 26. Kxc1 Ke7
27. Nb1 Kd6 28. Nc3 a6 29. Na4 Nd7 30. Kc2 f5 31. g3 g5 32. Nc3 h5 33. Ne2 h4
34. gxh4 gxh4 35. Nf4 Nf8 36. Ng2 Ng6 37. Nf4 Nxf4 38. exf4 Kc6 39. a4 b5 40.
Kb2 Kb6 41. Ka3 Ka5 42. b4+ Kb6 43. a5+ Kc6 1/2-1/2

[Event "XV C.to Italiano U20"]
[Site "Fiuggi ITA"]
[Date "2007.07.20"]
[Round "3"]
[White "Caprio, Guido"]
[Black "Romano, Zeno"]
[Result "1/2-1/2"]
[WhiteElo "1961"]
[BlackElo "1866"]
[PlyCount "120"]
[EventDate "2007.07.18"]

1. e4 e5 2. Bc4 Nf6 3. d3 Bc5 4. Nc3 d6 5. f4 Ng4 6. f5 Qh4+ 7. g3 Bf2+ 8. Kf1
Bxg3 9. hxg3 Qxh1 10. Qxg4 O-O 11. Nd5 Nd7 12. f6 Nxf6 13. Nxf6+ Kh8 14. Qh5
Qxh5 15. Nxh5 Bg4 16. Nxg7 Kxg7 17. Kg2 c6 18. Nf3 Bxf3+ 19. Kxf3 f5 20. Kg2
fxe4 21. dxe4 Kg6 22. Be6 h5 23. Be3 Kf6 24. Bc4 b6 25. a4 Rad8 26. a5 d5 27.
Be2 d4 28. Bd2 Kg6 29. axb6 axb6 30. Ra6 Rb8 31. Bb4 Rf6 32. g4 hxg4 33. Bxg4
c5 34. Bf5+ Kg7 35. Be1 b5 36. Bg3 Re8 37. Ra7+ Rf7 38. Rxf7+ Kxf7 39. Bd7 Re7
40. Bxb5 Rb7 41. Bc4+ Kf6 42. b3 Rg7 43. Kf3 Rh7 44. Be1 Ke7 45. Kg4 Rh8 46.
Kf5 Kd6 47. Kf6 Rh3 48. Bd3 Rf3+ 49. Kg5 Rf8 50. Kg4 Rf6 51. Kg3 Rf8 52. Kg2
Rf6 53. Bf2 Rh6 54. Kf1 Rh1+ 55. Ke2 Rh2 56. Kf3 Rh3+ 57. Kg2 Rh6 58. Be1 Rf6
59. b4 cxb4 60. Bxb4+ Kc6 1/2-1/2

[Event "XV C.to Italiano U20"]
[Site "Fiuggi ITA"]
[Date "2007.07.20"]
[Round "3"]
[White "Cinque, Antonio"]
[Black "Cantoro, Daniele"]
[Result "1-0"]
[WhiteElo "1653"]
[BlackElo "1876"]
[PlyCount "49"]
[EventDate "2007.07.18"]

1. g3 c5 2. Bg2 d5 3. d3 Nf6 4. Bg5 Nc6 5. Nf3 e5 6. Nbd2 Be7 7. c3 Be6 8. Qc2
O-O 9. O-O h6 10. Bxf6 Bxf6 11. Nb3 Be7 12. Nfd2 Rc8 13. e3 f5 14. f4 e4 15.
dxe4 dxe4 16. Rfd1 Qb6 17. g4 g6 18. gxf5 gxf5 19. Kh1 Bf6 20. Rg1 Kh8 21. Bh3
c4 22. Nd4 Bxd4 23. cxd4 Nb4 24. Qc3 Nd3 25. d5+ 1-0

[Event "XV C.to Italiano U20"]
[Site "Fiuggi ITA"]
[Date "2007.07.20"]
[Round "3"]
[White "Coladangelo, Andrea"]
[Black "Bellemo, Davide"]
[Result "1/2-1/2"]
[WhiteElo "1783"]
[BlackElo "2067"]
[PlyCount "60"]
[EventDate "2007.07.18"]

1. e4 e5 2. Nf3 Nf6 3. Nxe5 d6 4. Nf3 Nxe4 5. d4 d5 6. Bd3 Bd6 7. O-O O-O 8.
Re1 Re8 9. Nbd2 Bf5 10. Nf1 c6 11. Ne3 Bg6 12. c4 Bb4 13. Re2 dxc4 14. Nxc4 Bd6
15. Nxd6 Nxd6 16. Bxg6 hxg6 17. Bg5 Qd7 18. Rxe8+ Nxe8 19. Qb3 b6 20. Re1 Nf6
21. Ne5 Qd5 22. Qxd5 cxd5 23. Rc1 Na6 24. a3 Ne4 25. Bf4 g5 26. Be3 f6 27. Nc6
Kf7 28. b4 Ke6 29. b5 Nc7 30. a4 Nd6 1/2-1/2

[Event "XV C.to Italiano U20"]
[Site "Fiuggi ITA"]
[Date "2007.07.20"]
[Round "3"]
[White "Lettieri, Giuseppe"]
[Black "Ronchetti, Niccolo'"]
[Result "1/2-1/2"]
[WhiteElo "2293"]
[BlackElo "2410"]
[PlyCount "35"]
[EventDate "2007.07.18"]

1. e4 e5 2. Nf3 Nc6 3. Bb5 Bc5 4. c3 Bb6 5. d4 exd4 6. cxd4 Nce7 7. d5 c6 8.
Ba4 d6 9. Nc3 Nf6 10. Bg5 Ng4 11. dxc6 Bxf2+ 12. Ke2 bxc6 13. Bxc6+ Nxc6 14.
Bxd8 Ba6+ 15. Kd2 Be3+ 16. Ke1 Bf2+ 17. Kd2 Be3+ 18. Ke1 1/2-1/2

[Event "XV C.to Italiano U20"]
[Site "Fiuggi ITA"]
[Date "2007.07.20"]
[Round "3"]
[White "Lombardo, Michele"]
[Black "Albertini, Luca"]
[Result "1/2-1/2"]
[WhiteElo "2002"]
[BlackElo "1697"]
[PlyCount "150"]
[EventDate "2007.07.18"]

1. g3 d5 2. Bg2 Nf6 3. d4 Nc6 4. Bg5 e6 5. e3 Be7 6. Ne2 h6 7. Bxf6 Bxf6 8. Nd2
Bd7 9. O-O Ne7 10. c4 c6 11. Qb3 Qc7 12. Rac1 dxc4 13. Nxc4 Rb8 14. Nf4 g6 15.
Na3 Qd8 16. Nc4 Qc7 17. Rfd1 Nc8 18. Nd3 Nb6 19. Nce5 O-O 20. Qa3 Rfd8 21. b4
Be7 22. Qb3 a6 23. a4 Be8 24. b5 axb5 25. axb5 f6 26. Qxe6+ Kg7 27. bxc6 Rd6
28. cxb7 Rxe6 29. Rxc7 fxe5 30. Nc5 Kf7 31. Nxe6 Kxe6 32. dxe5 Bd8 33. Rc5 Be7
34. Bh3+ Kf7 35. Rc8 Rxb7 36. Rcc1 Na4 37. Rd4 Nc5 38. Rdd1 Na4 39. Bg2 Rb6 40.
Bd5+ Kf8 41. Rd4 Nc5 42. Rf4+ Kg7 43. Ra1 Ne6 44. Rc4 Bb5 45. Rc8 Ba6 46. Rcc1
Nd8 47. Rc7 Kf8 48. Be4 h5 49. Rd1 Re6 50. f4 g5 51. Bf5 Rb6 52. Rdd7 gxf4 53.
exf4 Nc6 54. Rd2 Bc5+ 55. Kg2 Be3 56. Rd1 Nd4 57. Be4 Rb2+ 58. Kh3 Be2 59. Rh1
Bg4+ 60. Kh4 Nf3+ 61. Bxf3 Bxf3 62. Rc3 Bxh1 63. Rxe3 Rxh2+ 64. Kg5 Bd5 65. f5
Bf7 66. Ra3 Re2 67. Kf6 Be8 68. Ra8 Re3 69. e6 Re4 70. Ra7 Kg8 71. e7 Rb4 72.
Ra6 Rb5 73. Rd6 Ra5 74. Rb6 Rc5 75. Ke6 Bf7+ 1/2-1/2

[Event "XV C.to Italiano U20"]
[Site "Fiuggi ITA"]
[Date "2007.07.20"]
[Round "3"]
[White "Maggi, Fabrizio"]
[Black "Pomaro, Alberto"]
[Result "0-1"]
[WhiteElo "1895"]
[BlackElo "2149"]
[PlyCount "80"]
[EventDate "2007.07.18"]

1. c4 Nf6 2. Nc3 g6 3. e4 d6 4. d4 Bg7 5. Nge2 O-O 6. Ng3 e5 7. d5 c6 8. Be2
cxd5 9. cxd5 Nbd7 10. h4 a6 11. a4 Qb6 12. a5 Qc7 13. Bg5 b5 14. h5 b4 15. Nb1
Nc5 16. Nd2 Bd7 17. Qc2 Bb5 18. Bc4 Rfc8 19. b3 Bxc4 20. Qxc4 Qd8 21. Qe2 Rab8
22. h6 Bf8 23. Qf3 Be7 24. Nc4 Nxd5 25. Bxe7 Nxe7 26. Qf6 Ne6 27. Rd1 Nc6 28.
Qf3 Ncd4 29. Qg4 Qg5 30. Qxg5 Nxg5 31. Nxd6 Rd8 32. Nc4 Nxb3 33. Nxe5 Nxa5 34.
Ra1 Rb5 35. f4 Ne6 36. O-O b3 37. Rxa5 Rxa5 38. Nc6 Ra2 39. Nxd8 b2 40. Nxe6
Ra1 0-1

[Event "XV C.to Italiano U20"]
[Site "Fiuggi ITA"]
[Date "2007.07.20"]
[Round "3"]
[White "Messina, Salvatore"]
[Black "Cantu', Guido"]
[Result "0-1"]
[WhiteElo "1374"]
[BlackElo "1854"]
[PlyCount "126"]
[EventDate "2007.07.18"]

1. d4 Nf6 2. c4 e6 3. Nf3 b6 4. Nc3 Bb7 5. Bg5 Be7 6. Bxf6 Bxf6 7. e4 d6 8. Bd3
Nd7 9. O-O O-O 10. Re1 e5 11. d5 a5 12. Na4 Be7 13. a3 Nf6 14. b4 Bc8 15. b5
Ne8 16. Qb3 f5 17. exf5 Bxf5 18. Qc2 Bxd3 19. Qxd3 Qd7 20. Qe4 Rf4 21. Qe2 Qg4
22. Nb2 Nf6 23. h3 Qh5 24. Nd3 Re4 25. Qc2 Rxe1+ 26. Ndxe1 Rf8 27. a4 Nd7 28.
Ra3 Nc5 29. Re3 Rf4 30. Nd3 Nxd3 31. Qxd3 Qf7 32. Re4 Qf5 33. Nd2 Rxf2 34. Nf3
Ra2 35. Qe3 Bf6 36. Rg4 Rxa4 37. Nd4 Ra1+ 38. Kh2 Qf1 39. Ne6 Qh1+ 40. Kg3 Qe1+
41. Qxe1 Rxe1 42. Nxc7 Rc1 43. Ne8 Be7 44. Nxg7 h5 45. Ne6+ Kf7 46. Re4 Kf6 47.
Kf3 Rc3+ 48. Kf2 Kf5 49. Re3 Rxc4 50. Rf3+ Kg6 51. Rg3+ Kh6 52. Rg7 Rc7 53.
Nxc7 Kxg7 54. Na6 Bg5 55. Kf3 Kg6 56. g4 Bd2 57. gxh5+ Kxh5 58. Ke2 Bc3 59. Kd3
Bd4 60. Ke4 Kh4 61. Kf5 Kxh3 62. Ke4 Kg4 63. Kd3 Kf3 0-1

[Event "XV C.to Italiano U20"]
[Site "Fiuggi ITA"]
[Date "2007.07.20"]
[Round "3"]
[White "Navarro, Stefano"]
[Black "Dvirnyy, Danyyil"]
[Result "1-0"]
[WhiteElo "2242"]
[BlackElo "2365"]
[PlyCount "53"]
[EventDate "2007.07.18"]

1. e4 c5 2. Nf3 d6 3. d4 cxd4 4. Nxd4 Nf6 5. Nc3 g6 6. Be2 Bg7 7. O-O O-O 8.
Be3 Nc6 9. Nb3 Be6 10. f4 Qc8 11. Kh1 Rd8 12. Bg1 b6 13. Bd3 Nb4 14. Qe2 Nxd3
15. cxd3 Qa6 16. Nd4 Bg4 17. Qe3 Bd7 18. Qg3 Qb7 19. Rae1 Rf8 20. e5 Nh5 21.
Qh4 Rae8 22. Nf3 f6 23. e6 Bc6 24. f5 Bh6 25. Qg4 Ng7 26. fxg6 f5 27. Qh3 1-0

[Event "XV C.to Italiano U20"]
[Site "Fiuggi ITA"]
[Date "2007.07.20"]
[Round "3"]
[White "Pesce, Gabriele"]
[Black "Bove, Alessandro"]
[Result "0-1"]
[WhiteElo "2000"]
[BlackElo "2173"]
[PlyCount "112"]
[EventDate "2007.07.18"]

1. e4 Nf6 2. e5 Nd5 3. d4 d6 4. Nf3 g6 5. Bc4 Nb6 6. Bb3 Bg7 7. Qe2 d5 8. Bf4
Nc6 9. Nbd2 Bg4 10. c3 Qd7 11. h3 Bxf3 12. Nxf3 Nd8 13. a4 a5 14. Be3 f5 15.
exf6 exf6 16. Bh6+ Kf8 17. Bxg7+ Kxg7 18. O-O Nf7 19. Qd3 Rhe8 20. Bc2 Nd6 21.
h4 Qg4 22. Rfe1 c6 23. b3 Nf5 24. g3 Nd6 25. Kg2 Re4 26. Nh2 Qd7 27. f3 Rxe1
28. Rxe1 Re8 29. Rxe8 Qxe8 30. Ng4 Nd7 31. Qd2 Nf7 32. Ne3 Nd6 33. c4 dxc4 34.
bxc4 Qe6 35. Bb3 c5 36. Kf2 Nf5 37. Nxf5+ Qxf5 38. Qxa5 Qd3 39. Qc7 Qxd4+ 40.
Kg2 Kh6 41. Qxb7 Ne5 42. Qb8 Qd2+ 43. Kh3 Qd3 44. Qf8+ Kh5 45. Qxc5 Qf1+ 46.
Kh2 Qxf3 47. Qd5 Qxb3 48. a5 Qxc4 49. Qxc4 Nxc4 50. a6 Kg4 51. a7 Nb6 52. Kg2
f5 53. Kf2 Na8 54. Kg2 h5 55. Kf2 f4 56. gxf4 Kxf4 0-1

[Event "XV C.to Italiano U20"]
[Site "Fiuggi ITA"]
[Date "2007.07.20"]
[Round "3"]
[White "Sellitti, Federico"]
[Black "Rombaldoni, Axel"]
[Result "0-1"]
[WhiteElo "2171"]
[BlackElo "2269"]
[PlyCount "64"]
[EventDate "2007.07.18"]

1. e4 c5 2. f4 d5 3. exd5 Qxd5 4. Nc3 Qd8 5. Nf3 Nf6 6. Ne5 e6 7. Qf3 Nfd7 8.
b3 Be7 9. Bb2 Nxe5 10. fxe5 Nc6 11. O-O-O Nxe5 12. Bb5+ Kf8 13. Qg3 a6 14. Ne4
axb5 15. Qxe5 f6 16. Rhf1 Kg8 17. Qh5 Bd7 18. Kb1 Qe8 19. Qe2 e5 20. Rf2 Qg6
21. Rdf1 Bc6 22. Ng3 Rd8 23. Nf5 Bf8 24. h4 h5 25. g4 Qxg4 26. Qe1 c4 27. Rg1
Qe4 28. Qf1 Rh7 29. Rfg2 Bd7 30. Nxg7 Rxg7 31. Rxg7+ Bxg7 32. Qxf6 Qe1+ 0-1

[Event "XV C.to Italiano U20"]
[Site "Fiuggi ITA"]
[Date "2007.07.20"]
[Round "3"]
[White "Stella, Andrea"]
[Black "Frilli, Guido"]
[Result "1/2-1/2"]
[WhiteElo "2132"]
[BlackElo "2168"]
[PlyCount "27"]
[EventDate "2007.07.18"]

1. d4 Nf6 2. c4 e6 3. Nc3 Bb4 4. Qc2 O-O 5. a3 Bxc3+ 6. Qxc3 b6 7. Nf3 Ne4 8.
Qc2 Bb7 9. e3 f5 10. Bd3 d6 11. O-O Nd7 12. Nd2 Qh4 13. f3 Ng5 14. d5 1/2-1/2

[Event "XV C.to Italiano U20"]
[Site "Fiuggi ITA"]
[Date "2007.07.20"]
[Round "3"]
[White "Valsecchi, Alessio"]
[Black "Locci, Damiano"]
[Result "1-0"]
[WhiteElo "2175"]
[BlackElo "2025"]
[PlyCount "117"]
[EventDate "2007.07.18"]

1. e4 e5 2. Nf3 Nc6 3. Bb5 a6 4. Ba4 d6 5. c4 Bd7 6. Nc3 Nge7 7. O-O g6 8. d4
Bg7 9. Nd5 O-O 10. Nxe7+ Qxe7 11. d5 Nb8 12. b4 h6 13. c5 f5 14. cxd6 cxd6 15.
Nd2 b5 16. Bc2 fxe4 17. Bxe4 Bf5 18. a4 Nd7 19. axb5 axb5 20. Rxa8 Rxa8 21. Qe2
Re8 22. f3 Nf6 23. Nb3 Qa7+ 24. Kh1 Nxe4 25. fxe4 Bd7 26. Na5 Qd4 27. Bd2 Rc8
28. Be1 Rc1 29. Nb3 Qc4 30. Nxc1 Qxc1 31. Bh4 Qc4 32. Qxc4 bxc4 33. Be7 Ba4 34.
Rc1 Bb5 35. Bxd6 Kf7 36. Kg1 Ke8 37. Kf2 Kd7 38. Bc5 Bf6 39. Be3 h5 40. Bd2
Bh4+ 41. g3 Bd8 42. Bc3 Bb6+ 43. Ke2 Bd4 44. Kd2 Ke7 45. Ra1 Kf6 46. Ra5 Be8
47. Ra6+ Kg5 48. Bxd4 exd4 49. Rc6 Kg4 50. Rxc4 Kh3 51. Rxd4 Kxh2 52. d6 Bd7
53. e5 Kxg3 54. e6 Bxe6 55. d7 Bxd7 56. Rxd7 g5 57. b5 h4 58. b6 h3 59. b7 1-0

[Event "XV C.to Italiano U20"]
[Site "Fiuggi ITA"]
[Date "2007.07.21"]
[Round "4"]
[White "Albertini, Luca"]
[Black "Pesce, Gabriele"]
[Result "1/2-1/2"]
[WhiteElo "1697"]
[BlackElo "2000"]
[PlyCount "140"]
[EventDate "2007.07.18"]

1. d4 Nf6 2. c4 g6 3. Nc3 Bg7 4. e4 d6 5. Nf3 O-O 6. Be2 e5 7. Be3 c6 8. O-O
Na6 9. Qc2 Ng4 10. Rad1 Nxe3 11. fxe3 Qe7 12. a3 Bh6 13. Qd3 f5 14. exf5 gxf5
15. dxe5 dxe5 16. e4 Nc5 17. Qd6 Qxd6 18. Rxd6 Be3+ 19. Kh1 Nxe4 20. Nxe4 fxe4
21. Nxe5 Rxf1+ 22. Bxf1 Bf5 23. g4 Bc5 24. Rd1 Be6 25. b4 Be7 26. Re1 a5 27.
Rxe4 axb4 28. axb4 Ra1 29. Kg2 Ra2+ 30. Kg1 Bd6 31. Nf3 Bf7 32. c5 Bd5 33. Bc4
Ra1+ 34. Kg2 Bf8 35. Bxd5+ cxd5 36. Rd4 Rb1 37. Ng5 h6 38. Ne6 Kf7 39. Nd8+ Ke7
40. Nxb7 Bg7 41. Rxd5 Rxb4 42. c6 Rxg4+ 43. Kf3 Rc4 44. Rd7+ Kf6 45. c7 Bf8 46.
Nd8 Be7 47. Ke3 h5 48. Kd3 Rxc7 49. Rxc7 Bxd8 50. Rc4 Kg6 51. h4 Be7 52. Re4
Bf6 53. Ke3 Kf5 54. Rf4+ Kg6 55. Ke4 Bd8 56. Kd5 Bc7 57. Rf8 Kg7 58. Rf3 Bd8
59. Rf4 Bc7 60. Rc4 Bg3 61. Ke6 Kg6 62. Re4 Bxh4 63. Rxh4 Kg5 64. Ra4 h4 65.
Ke5 h3 66. Ra8 Kg4 67. Ke4 h2 68. Rg8+ Kh3 69. Rh8+ Kg2 70. Rxh2+ Kxh2 1/2-1/2

[Event "XV C.to Italiano U20"]
[Site "Fiuggi ITA"]
[Date "2007.07.21"]
[Round "4"]
[White "Basile, Luca"]
[Black "Sellitti, Federico"]
[Result "0-1"]
[WhiteElo "1781"]
[BlackElo "2171"]
[PlyCount "82"]
[EventDate "2007.07.18"]

1. e4 c5 2. Nf3 d6 3. d4 cxd4 4. Nxd4 Nf6 5. Nc3 a6 6. Be2 e5 7. Nb3 Be7 8. Be3
O-O 9. O-O Be6 10. Qd2 Nbd7 11. Rad1 Rc8 12. f3 Qc7 13. Nc1 Rfd8 14. Nd3 d5 15.
exd5 Nxd5 16. Nxd5 Bxd5 17. Rc1 Nf6 18. Qe1 b5 19. Qf2 Nd7 20. a3 f5 21. Rfd1
Bf7 22. Kh1 Qb7 23. c3 f4 24. Bd2 Bg6 25. Qf1 Bf6 26. Nf2 Nb6 27. Be1 Nc4 28.
Ng4 e4 29. fxe4 Bxe4 30. Bf3 Ne3 31. Nxe3 fxe3 32. Bg3 Bg5 33. Qe2 Rf8 34. Rf1
Rcd8 35. Be1 Bxf3 36. gxf3 Rf6 37. Rc2 Rfd6 38. Kg1 Bf4 39. a4 Rg6+ 40. Kh1 Rh6
41. h4 Qd7 0-1

[Event "XV C.to Italiano U20"]
[Site "Fiuggi ITA"]
[Date "2007.07.21"]
[Round "4"]
[White "Bosi, Clint"]
[Black "Bellemo, Davide"]
[Result "1/2-1/2"]
[WhiteElo "2080"]
[BlackElo "2067"]
[PlyCount "144"]
[EventDate "2007.07.18"]

1. e4 e5 2. Nf3 Nf6 3. Bc4 Nxe4 4. Nc3 Nc6 5. O-O Nxc3 6. dxc3 Be7 7. Qd5 O-O
8. Nxe5 Nxe5 9. Qxe5 Bf6 10. Qh5 d6 11. Re1 Bd7 12. Bf4 Bc6 13. Rad1 Qd7 14. h3
g6 15. Qe2 Rfe8 16. Qd2 Rxe1+ 17. Rxe1 Re8 18. Rxe8+ Qxe8 19. f3 Qe7 20. Kf2
Be5 21. Bg5 Bf6 22. Be3 Qe5 23. Qd4 Qf5 24. Qd3 Bh4+ 25. Kg1 Qe5 26. Qd4 Qxd4
27. cxd4 d5 28. Bb3 Kf8 29. Bf4 Bd8 30. Kf2 Ke7 31. Ke3 Ke6 32. c3 b6 33. Bc2
Bb7 34. g4 Ba6 35. Bg3 f6 36. h4 Bb5 37. h5 Be8 38. h6 c6 39. a3 Be7 40. Bb8 a6
41. Ba7 b5 42. Bc5 Bd8 43. f4 f5 44. g5 Bc7 45. Bf8 Bd6 46. Bxd6 Kxd6 47. Bd3
Bf7 48. Kd2 Kc7 49. Kc2 Kb6 50. Kb3 Be8 51. a4 bxa4+ 52. Kxa4 c5+ 53. Ka3 cxd4
54. cxd4 Bd7 55. Bc2 Ka5 56. b4+ Kb6 57. Ba4 Bb5 58. Bc2 Bd7 59. Bd3 Be8 60.
Be2 Bd7 61. Bf3 Bc6 62. Bd1 Bd7 63. Ba4 Bb5 64. Kb3 Bc4+ 65. Kc3 Bb5 66. Bb3
Bc6 67. Bc2 Be8 68. Bd3 Bd7 69. b5 a5 70. Kb3 Be6 71. Ka3 Bd7 72. Bc2 Be6
1/2-1/2

[Event "XV C.to Italiano U20"]
[Site "Fiuggi ITA"]
[Date "2007.07.21"]
[Round "4"]
[White "Cantoro, Daniele"]
[Black "Caprio, Guido"]
[Result "1-0"]
[WhiteElo "1876"]
[BlackElo "1961"]
[PlyCount "89"]
[EventDate "2007.07.18"]

1. e4 c5 2. Nf3 d6 3. d4 cxd4 4. Nxd4 Nf6 5. Nc3 g6 6. Be3 Bg7 7. f3 Nc6 8. Bc4
O-O 9. Qd2 Bd7 10. O-O-O Rc8 11. Bb3 Ne5 12. h4 h5 13. Kb1 Re8 14. Qe2 Qa5 15.
Bd2 Qc5 16. Be3 Qa5 17. Bd2 Qc5 18. Be3 Nc4 19. Bf2 Nxb2 20. Ndb5 Qb4 21. Rd4
Bxb5 22. Rxb4 Bxe2 23. Nxe2 a5 24. Rxb7 Nc4 25. Bxc4 Rxc4 26. Rd1 Kf8 27. Rd4
Rec8 28. Rxc4 Rxc4 29. c3 Ke8 30. Kc2 d5 31. e5 Nd7 32. f4 Ra4 33. Rb2 Re4 34.
Kd3 Bxe5 35. Rb5 Bc7 36. g3 Ra4 37. Nc1 e6 38. Bd4 Ke7 39. Rb7 Bd6 40. Ke2 f6
41. Bxf6+ Kxf6 42. Rxd7 Bc5 43. Nd3 Bf2 44. Ne5 Kf5 45. Kd3 1-0

[Event "XV C.to Italiano U20"]
[Site "Fiuggi ITA"]
[Date "2007.07.21"]
[Round "4"]
[White "Cantu', Guido"]
[Black "Lombardo, Michele"]
[Result "1/2-1/2"]
[WhiteElo "1854"]
[BlackElo "2002"]
[PlyCount "123"]
[EventDate "2007.07.18"]

1. e4 g6 2. d4 Bg7 3. Nc3 c6 4. Nf3 d5 5. exd5 cxd5 6. Be3 Bg4 7. h3 Bxf3 8.
Qxf3 Nc6 9. Qxd5 Nxd4 10. Bxd4 Bxd4 11. O-O-O Qxd5 12. Nxd5 Be5 13. Bb5+ Kf8
14. Rhe1 Bd6 15. Rd3 Rc8 16. Red1 Nh6 17. Nc3 f5 18. Bd7 Rd8 19. Be6 a6 20. Bd5
Rb8 21. Ne2 Kg7 22. Nd4 Nf7 23. Ne6+ Kf6 24. f4 Rhc8 25. g3 b5 26. Re1 a5 27.
Nd4 Nd8 28. Bg8 Kg7 29. Be6 Nxe6 30. Nxe6+ Kf6 31. Ng5 h6 32. Re6+ Kg7 33. Nf3
Kf7 34. Re1 Rc7 35. Ne5+ Kf6 36. Rd5 a4 37. Re2 Rbb7 38. g4 Rc5 39. Rxc5 Bxc5
40. c3 Bd6 41. Kc2 b4 42. b3 axb3+ 43. axb3 bxc3 44. Kxc3 Rb5 45. Re3 Bxe5+ 46.
fxe5+ Rxe5 47. Rd3 fxg4 48. hxg4 Kg5 49. Rh3 Kxg4 50. Rxh6 g5 51. b4 Re1 52. b5
Rb1 53. b6 Kg3 54. Re6 g4 55. Kc4 Kf4 56. Kc5 g3 57. Rxe7 g2 58. Rg7 g1=Q+ 59.
Rxg1 Rxg1 60. Kd6 Rd1+ 61. Kc7 Rc1+ 62. Kd6 1/2-1/2